Information theory
This book introduce information theory of discrete systems, some properties of continuous signals. Ergodic ensembles and random noise. The entropy of continuous distributions...
Bewaard in:
| Hoofdauteur: | |
|---|---|
| Formaat: | Boek |
| Taal: | Undetermined |
| Gepubliceerd in: |
Mineola, N.Y.
Dover Publications
2005
|
| Onderwerpen: | |
| Tags: |
Voeg label toe
Geen labels, Wees de eerste die dit record labelt!
|
| Thư viện lưu trữ: | Trung tâm Học liệu Trường Đại học Cần Thơ |
|---|
| LEADER | 00778nam a2200217Ia 4500 | ||
|---|---|---|---|
| 001 | CTU_232336 | ||
| 008 | 210402s9999 xx 000 0 und d | ||
| 082 | |a 003.54 | ||
| 082 | |b G619 | ||
| 100 | |a Goldman, Stanford | ||
| 245 | 0 | |a Information theory | |
| 245 | 0 | |c Stanford Goldman | |
| 260 | |a Mineola, N.Y. | ||
| 260 | |b Dover Publications | ||
| 260 | |c 2005 | ||
| 520 | |a This book introduce information theory of discrete systems, some properties of continuous signals. Ergodic ensembles and random noise. The entropy of continuous distributions... | ||
| 526 | |a Thông tin và bảo mật thông tin | ||
| 526 | |b CT606 | ||
| 650 | |a Lý thuyết thông tin,Information theory | ||
| 910 | |b dqhieu | ||
| 980 | |a Trung tâm Học liệu Trường Đại học Cần Thơ | ||